| 000 | 00465nam a2200181Ia 4500 | ||
|---|---|---|---|
| 001 | 14935 | ||
| 005 | 20260306164951.0 | ||
| 008 | 260306t2012||||xx |||||||||||||| ||spa|| | ||
| 041 | _aESP | ||
| 082 |
_a519.5 _bP45E |
||
| 100 |
_aPérez López, César _eAUT |
||
| 245 | 0 |
_aEstadística aplicada: _bconceptos y ejercicios a través de excel |
|
| 260 | _c2012 | ||
| 300 |
_a572 páginas : _c24 cm. |
||
| 650 | _aGEN | ||
| 654 | _aCMA | ||
| 942 |
_cLIB _dJUS _fJUS _2ddc _n |
||
| 999 |
_c14935 _d14935 |
||